| 000 | 00820nam a22002297a 4500 | ||
|---|---|---|---|
| 005 | 20240708162351.0 | ||
| 010 | _aENG-140836 | ||
| 020 |
_a9789390531882 _c1109.00 |
||
| 035 | _aEN-124368 | ||
| 037 | _bDBAD | ||
| 082 |
_21 _a004.068 |
||
| 100 |
_aEdgeworth, Brad _968248 |
||
| 245 |
_aCCNP and CCIE Data Enterprise Core: _bENCOR 350-401 Official Cert Guide/ _cBy Brad Edgeworth...[et.al] |
||
| 250 | _a1 | ||
| 260 |
_aNoida _bPearson India Education _c2022 |
||
| 270 |
_a15th floor, Tower- B, World Trade Tower, plot No.1, Block -C, Sector-16, Noida, _bUttar Pradesh _e201301 |
||
| 300 |
_axliv,973p. _c23cm(pbk) _bIndex |
||
| 700 |
_aRios, Ramiro Garza _eAuthor _968249 |
||
| 700 |
_aHucaby, David _eAuthor _968250 |
||
| 700 |
_aGooley, Jason _eAuthor _968251 |
||
| 942 |
_2ddc _cEN _h004.068 _mEDG _e1 |
||
| 999 |
_c204030 _d204030 |
||